000 00919nam a2200229 a 4500
001 39722
003 BD-RjUL
005 20211209053039.0
008 160417s2012 ii a||| |||| 00| 0 ben d
020 _a9789381229132
_c: tk. 150.00
035 _a(BD-RjUL)39835
040 _aBD-RjUL
_bben
_cBD-RjUL
041 _aben
082 _223
_a891.4409
_bSHK 2012
100 _aশর্মা, পার্থ
_9122350
245 1 0 _aকবি রমানাথ :
_bজীবণী ও সাহিত্য /
_cপার্থ শর্মা
260 _aকলকাতা :
_bরূপসী বাংলা,
_c২০১২.
300 _a১১৬ পৃ. [১০] প্লেটস :
_bচিত্র. ;
_c২০ সেমি.
650 _aবাংলা সাহিত্য
_xইতিহাস ও সমালোচনা
_9118060
650 _aBengali Literatre
_xHistory & Criticism
_9122351
942 _2ddc
_cBK
999 _c39722
_d39722